000 00424nam a22001697a 4500
003 NUST - PNEC
005 20170116181034.0
008 150919b xxu||||| |||| 00| 0 eng d
020 _a0070622213
040 _cLIBRARY
082 _a541.361 STR
100 _911243
_aStrehlow, Roger A.
245 _aCombustion fundamentals
_cRoger A. Strehlow
260 _cc.1985
650 _911245
_aCombustion
_xME
942 _2ddc
_cBK
999 _c67836
_d67836